000 00391nam a2200169Ia 4500
008 170705s9999 xx 000 0 und d
020 _a9780590427692
245 _aLosing Joe's place /
245 _cGordon Korman.
260 _aNew York :
260 _bScholastic,
260 _c1990
300 _a233 pages :
300 _bcolor illustration ;
300 _c17cm.
500 _a790
999 _c336378
_d336378